• 首页
  • 本馆介绍
  • 公告通知
  • 最新文献
  • 馆藏检索
  • 电子资源
  • 读者导购
  • 参考咨询
  • 我的图书馆
  • 登录
  • 详细信息显示
  • 放入我的书架
  • 预约/预借图书
  • 作者相关作品
  • 分类相关作品
  • 丛书相关作品
  • 出版社相关作品

书目信息

  • 表格格式
  • 工作单格式
  • 卡片格式
题名:
颜元教育思想简论
    
 
作者: 李国钧 著
分册:  
出版信息: 北京   人民教育出版社  1984
页数: 97页
开本: 21cm
丛书名:
单 册:
中图分类: G40-092.49 , B249.55 , G40-092.2
科图分类:
主题词: 教育思想-颜元--思想评论
电子资源:
ISBN:
000 00750nam0 2200277 45
001 0184010521
005 20040428165503.6
010    @dCNY0.62
091    @a7012.0832
100    @a19950222d1984 kemy0chiy0121 ea
101 0  @achi
102    @aCN@b110000
105    @ac r 000yy
106    @ar
200 10 @a颜元教育思想简论@Ayan yuan jiao yu si xiang jian lun@f李国钧著
210    @a北京@c人民教育出版社@d1984
215    @a97页@c肖像@d21cm
600  0 @a颜元@x教育思想@x思想评论
606    @a教育思想-颜元@x思想评论
690    @aG40-092.49@v3
690    @aB249.55@v3
690    @aG40-092.2
701  0 @a李国钧@Ali guo jun@4著
801  0 @aCN@b上海图书馆@c20040428
801  2 @aCN@bNLC@c20040428
905    @f1@b159163@dG40-092.2@e85
    
    颜元教育思想简论/李国钧著.-北京:人民教育出版社,1984
    97页:肖像;21cm
    
    
    ISBN :CNY0.62
    
●
相关链接 在E读中查询图书 在五车中查询图书 在当当中查询图书 在豆瓣中查询图书


正题名:颜元教育思想简论     索取号:G40-092.2/85         预约/预借

序号 登录号 条形码 馆藏地/架位号 状态 备注
1 0159163   000285532   第四借阅区/ [索取号:G40-092.2/85] 在馆    
2 0159164   000285603   第一样本阅览室/ [索取号:G40-092.2/85] 在馆    
唐山师范学院图书馆 欢迎您!
大连网信软件有限公司© 版权所有